000 00899nam0a22002531 4500
001 rc\3049875
005 20250806202307.0
035 _a(NLR Aleph) 007189452
090 _a45853
_c45853
100 _a20041013d1941 u y0rusy50 ca
101 0 _arus
102 _aRU
105 _aa z ||||y
200 1 _aУдобрение овощных культур
_fИ.В. Коломенский
_gКраснодар. краев. опыт. станция по овощеводству
210 _aКраснодар
_cКраев. книгоизд-во
_d1941
215 _a44 с.
_cил., схем.
_d20 см
700 1 _aКоломенский
_bИ.В.
_gИлья Васильевич
801 0 _aRU
_bNLR
_gpsbo
801 1 _aRU
_bELAR
_2rusmarc
852 _aNLR
_bС
_j40 Г-4/8
942 _cBOOK
945 _aРоссийская национальная библиотека
980 _aNB
980 _aBV